1000 Digits of Pi (Ten at a Time) - Statistics

General Stats
  • This quiz has been taken 148 times
  • The average score is 52 of 100
Answer Stats
Row Numbers % Correct
1 1415926535
100%
2 8979323846
84%
3 2643383279
80%
4 5028841971
80%
5 6939937510
80%
6 5820974944
76%
8 0628620899
72%
13 0938446095
72%
12 3282306647
72%
10 3421170679
72%
14 5058223172
72%
15 5359408128
72%
7 5923078164
72%
11 8214808651
72%
9 8628034825
72%
16 4811174502
68%
20 5493038196
64%
19 6446229489
64%
17 8410270193
64%
18 8521105559
64%
30 0249141273
60%
32 0631558817
60%
29 1339360726
60%
25 2712019091
60%
23 2847564823
60%
27 3460348610
60%
24 3786783165
60%
21 4428810975
60%
28 4543266482
60%
26 4564856692
60%
22 6659334461
60%
31 7245870066
60%
37 0113305305
56%
33 4881520920
56%
38 4882046652
56%
36 7892590360
56%
35 9171536436
56%
34 9628292540
56%
46 0744623799
52%
43 0921861173
52%
39 1384146951
52%
48 1885752724
52%
45 3105118548
52%
41 3305727036
52%
42 5759591953
52%
47 6274956735
52%
44 8193261179
52%
50 8301194912
52%
49 8912279381
52%
40 9415116094
52%
52 4406566430
48%
53 8602139494
48%
51 9833673362
48%
61 0005681271
44%
57 0539217176
44%
69 1050792279
44%
66 1468440901
44%
55 1907021798
44%
67 2249534301
44%
58 2931767523
44%
62 4526356082
44%
68 4654958537
44%
56 6094370277
44%
54 6395224737
44%
65 7363717872
44%
64 7577896091
44%
60 7669405132
44%
63 7785771342
44%
59 8467481846
44%
93 1159562863
40%
98 1300192787
40%
97 1712268066
40%
96 1857780532
40%
72 2129021960
40%
100 2164201989
40%
85 2619311881
40%
92 2875546873
40%
84 3344685035
40%
82 3469083026
40%
71 4201995611
40%
83 4252230825
40%
81 5024459455
40%
88 5875332083
40%
91 5982534904
40%
99 6611195909
40%
70 6892589235
40%
86 7101000313
40%
90 7669147303
40%
87 7838752886
40%
89 8142061717
40%
94 8823537875
40%
95 9375195778
40%
79 0597317328
36%
80 1609631859
36%
78 2978049951
36%
75 4771309960
36%
77 4999999837
36%
76 5187072113
36%
74 5981362977
36%
73 8640344181
36%
No matching quizzes found
Score Distribution
Percent of People with Each Score
Percentile by Number Answered
Your Score History
You have not taken this quiz